000 00428pab a2200157 454500
008 180718b1997 xxu||||| |||| 00| 0 eng d
100 _aEngineer, Asghar Ali
245 _aIntra-community violations of rights: case of the Bohras
260 _c1997
300 _ap.1881-883
362 _a26 Jul
650 _aMinority groups - India
650 _aMinority groups
773 _aEconomic and Political Weekly
909 _a35072
999 _c35072
_d35072